Načítá se...

Dharmaśāstra in contemporary times = [Dharmaśāstra, ādhunika sandarbha meṃ] /

Podrobná bibliografie
Korporace: Miranda House (University of Delhi). Department of Sanskrit, India. University Grants Commission
Další autoři: Narang, Sudesh
Médium: Printed Book
Jazyk:English
Vydáno: Delhi : Nag Publishers, 1988.
Vydání:1st ed.
Témata:
LEADER 01583cam a2200325 a 4500
008 900424s1988 ii b 100 0 eng
010 |a  89906754  
020 |a 8170811902 :  |c Rs90.00 
025 |a I E 58524 
043 |a a-ii--- 
082 0 0 |a 294.5926, DHA  |2 20 
245 0 0 |a Dharmaśāstra in contemporary times =  |b [Dharmaśāstra, ādhunika sandarbha meṃ] /  |c chief-editor, Sudesh Narang ; co-editors, Urmi B. Gupta, Urmila Rustagi. 
250 |a 1st ed. 
260 |a Delhi :  |b Nag Publishers,  |c 1988. 
300 |a xx, 196 p. ;  |c 22 cm. 
500 |a Includes two papers in Hindi and passages in Sanskrit. 
500 |a "Papers presented at the seminar (sponsored by the University Grants Commission under the COHSSIP scheme) organised by the Department of Sanskrit, Miranda House, University of Delhi, Delhi, [January 20-21, 1987]." 
500 |a On Dharma, traditional Hindu law and social system. 
504 |a Includes bibliographical references. 
650 0 |a Hindu law  |x Congresses. 
650 0 |a Dharma  |x Congresses. 
700 1 |a Narang, Sudesh. 
942 |c BK 
710 2 |a Miranda House (University of Delhi).  |b Department of Sanskrit. 
710 1 |a India.  |b University Grants Commission. 
740 0 |a Dharmaśāstra, ādhunika sandarbha meṃ. 
906 |a 7  |b cbc  |c orignew  |d 4  |e ncip  |f 19  |g y-gencatlg 
955 |a wd00; fe18 05-10-90; aa12 06-13-90; fq28 07-06-90 
999 |c 250543  |d 250543 
952 |0 0  |1 0  |4 0  |6 294_000000000000000_5926_DHA  |7 0  |9 278888  |a SAN  |b SAN  |c ST1  |d 2016-11-23  |g 150.00  |i 10638  |l 1  |o 294.5926, DHA  |p SAN10638  |r 2017-06-06  |s 2017-05-26  |w 2016-11-23  |y BK